Kriterienkatalog Demenzfreundliche Architektur

Salvato in:
Dettagli Bibliografici
Autore principale: Marquardt, Gesine (Autore)
Natura: Libro
Lingua:tedesco
Pubblicazione: Berlin : LOGOS, 2007
Tags: Aggiungi Tag
Nessun Tag, puoi essere il primo ad aggiungerne!!

MARC

LEADER 00000nam a22000003a 4500
001 stu173135
005 20150617230023.4
008 081016s2007------------------------ger-d
020 |a 978-3-8325-1687-1 
040 |a STU  |b slo 
041 0 |a ger 
100 1 |a Marquardt, Gesine  |4 aut 
245 1 |a Kriterienkatalog Demenzfreundliche Architektur 
260 |a Berlin :  |b LOGOS,  |c 2007 
300 |a 151 s 
996 |b 284AU04044  |c A*6090  |l AA8180  |s P  |a 0  |w stu173135_0001